LEADER 05309nam 2200673Ia 450 001 9910454308503321 005 20200520144314.0 010 $a1-281-93466-6 010 $a9786611934668 010 $a981-279-477-8 035 $a(CKB)1000000000537786 035 $a(EBL)1679303 035 $a(OCoLC)879023371 035 $a(SSID)ssj0000163598 035 $a(PQKBManifestationID)11163321 035 $a(PQKBTitleCode)TC0000163598 035 $a(PQKBWorkID)10128761 035 $a(PQKB)11700333 035 $a(MiAaPQ)EBC1679303 035 $a(WSP)00005537 035 $a(Au-PeEL)EBL1679303 035 $a(CaPaEBR)ebr10255569 035 $a(CaONFJC)MIL193466 035 $a(EXLCZ)991000000000537786 100 $a20040929d2004 uy 0 101 0 $aeng 135 $aur|n|---||||| 181 $ctxt 182 $cc 183 $acr 200 14$aThe global structure of visual space$b[electronic resource] /$fTarow Indow 210 $aRiver Edge, NJ $cWorld Scientific$dc2004 215 $a1 online resource (228 p.) 225 1 $aAdvanced series on mathematical psychology ;$vv. 1 300 $aDescription based upon print version of record. 311 $a981-238-842-7 320 $aIncludes bibliographical references (p. 201-210) and indexes. 327 $aCONTENTS ; Foreword ; Abbreviations and Symbols ; 1. Visual Space ; 1.1 Global Structure of Visual Space ; 1.1.1 Features of VS ; 1.2 Binocular Vision ; 1.2.1 Cyclopean Vision in the Horizontal Plane of Eye-level ; 1.2.2 3-D Cyclopean Vision ; 1.2.3 Spatial Behavior 327 $a2. Luneburg Model 2.1 P- and D-alleys H-curves in the Horizontal Plane ; 2.1.1 Experiments with Stationary Points ; 2.1.2 Discrepancy between {Qi}P and {Qi}D ; 2.2 VS as a Riemannian Space of Constant Curvature ; 2.2.1 Riemannian Space of Constant Curvature ; 2.2.2 Eudlidean Map (EM) 327 $a2.2.3 Equations of P-and D-alleys H-curves in EM2 2.3 Theoretical Curves in X2 ; 2.3.1 Luneburg's Mapping Functions ; 2.3.2 Equations of P-and D-alleys and H-curves in X2 ; 2.3.3 Comments on Results of Alley Experiments ; 2.3.4 Comments on Values of-K and o 327 $a2.4 Derivations and Explanations 2.4.1 Supplementary Explanations to Sec.2.2.1 ; 2.4.2 Derivations of Equations in Secs.2.2.2 and 2.2.3 ; 3. Two Extensions of Luneburg Model ; 3.1 Alleys on a Frontoparallel Plane ; 3.1.1 Theoretical Equations ; 3.1.2 Experimental Results 327 $a3.2 Direct Mapping according to Riemannian Metric 3.2.1 Multidimensional Mapping according to Riemannian Metric ; 3.2.2 Experimental Results ; 3.2.3 Concluding Remarks to Sec.3.2 ; 4. Visual Space under Natural Conditions ; 4.1 The Perceived Sky and Ground ; 4.1.1 Bisection of the Sky 327 $a4.1.2 The Moon Illusion 330 $a The space we see around us is the end product of a long series of processes: physical, physiological, and cognitive. It is a highly structured perceptual entity. In contrast to the fact that most studies of visual perception are concerned with local phenomena in this visual space, the main purpose of this book is to discuss the global structure of visual space. The physical space which surrounds us is of Euclidean structure, but its perceived image is not necessarily structured in that way. Problems such as why the sky appears as a vault and why the horizon is located at eye level are discuss 410 0$aAdvanced series on mathematical psychology ;$vv. 1. 606 $aVisual perception$xMathematical models 606 $aSpace perception$xMathematical models 608 $aElectronic books. 615 0$aVisual perception$xMathematical models. 615 0$aSpace perception$xMathematical models. 676 $a152.14 700 $aIndow$b Tarow$f1923-$0887825 801 0$bMiAaPQ 801 1$bMiAaPQ 801 2$bMiAaPQ 906 $aBOOK 912 $a9910454308503321 996 $aThe global structure of visual space$91983198 997 $aUNINA LEADER 01794nam 2200553z- 450 001 9910708126503321 005 20241218124028.0 035 $a(CKB)5450000000430320 035 $a(DcWaBHL)120130 035 $a(EXLCZ)995450000000430320 100 $a20240129c2007uuuu -u- - 101 0 $aeng 200 10$aRecord of decision, vegetation treatments using herbicides on Bureau of Land Management lands in 17 western states : programmatic environmental impact statement 210 1$aWashington, D.C$cU.S. Department of the Interior, Bureau of Land Management$d2007 215 $a1 online resource 517 $aRecord of decision, vegetation treatments using herbicides on Bureau of Land Management lands in 17 western states 606 $aApplication 606 $aBureau of Land Management 606 $aControl 606 $aEnvironmental aspects 606 $aHerbicides 606 $aInvasive plants 606 $aManagement 606 $aPublic lands 606 $aRules 606 $aRules and practice 606 $aUnited States 606 $aVegetation management 606 $aWeeds 610 5$aUnited States, West 610 5$aWest (U.S.) 615 4$aApplication 615 4$aBureau of Land Management 615 4$aControl 615 4$aEnvironmental aspects 615 4$aHerbicides 615 4$aInvasive plants 615 4$aManagement 615 4$aPublic lands 615 4$aRules 615 4$aRules and practice 615 4$aUnited States 615 4$aVegetation management 615 4$aWeeds 801 0$bGPO 906 $aBOOK 912 $a9910708126503321 996 $aRecord of decision, vegetation treatments using herbicides on Bureau of Land Management lands in 17 western states$93477089 997 $aUNINA